| 000 | nam a22 4500 | ||
|---|---|---|---|
| 999 |
_c9310 _d9310 |
||
| 008 | 180430b ||||| |||| 00| 0 eng d | ||
| 100 |
_927689 _aTria, John. |
||
| 245 |
_aA middle finger against terror and organized crime/ _cJohn Tria. |
||
| 260 |
_aPhilippines: _bManila Bulletin, _cc2017. |
||
| 300 | _apage 12. | ||
| 650 | 0 |
_927690 _aCrimes. |
|
| 942 |
_2ddc _cPER |
||